El ganado caballar y sus híbridos en la provincia de Valladolid (Record no. 111536)

MARC details
000 -LEADER
campo de control de longitud fija 00795nam a2200181 4500
001 - NÚMERO DE CONTROL
campo de control 111536
003 - IDENTIFICADOR DE NÚMERO DE CONTROL
campo de control ES-MaACL
005 - FECHA Y HORA DE LA ÚLTIMA TRANSACCIÓN
campo de control 20230906185322.0
007 - CAMPO FIJO DE DESCRIPCIÓN FÍSICA--INFORMACIÓN GENERAL
campo de control de longitud fija t|
008 - DATOS DE LONGITUD FIJA--INFORMACIÓN GENERAL
campo de control de longitud fija 061121s1947 sp r ||||1| spa d
100 1# - ENTRADA PRINCIPAL--NOMBRE DE PERSONA
Nombre de persona Oresanz Moliné, José.
9 (RLIN) 87234
245 13 - MENCIÓN DEL TÍTULO
Título El ganado caballar y sus híbridos en la provincia de Valladolid
Resto del título : su estado actual y orientación económico-zootécnica de su explotación /
Mención de responsabilidad, etc. José Oresanz Moliné.
260 ## - PUBLICACIÓN, DISTRIBUCIÓN, ETC.
Lugar de publicación, distribución, etc. Valladolid :
Nombre del editor, distribuidor, etc. Casa Martín,
Fecha de publicación, distribución, etc. 1947.
300 ## - DESCRIPCIÓN FÍSICA
Extensión 68 p. :
Otras características físicas il. ;
Dimensiones 22 cm.
500 ## - NOTA GENERAL
Nota general Precede al Tit : Dirección General de Ganadería. Junta Provincial de Fomento Pecuario de Valladolid.
710 2# - ENTRADA AGREGADA--NOMBRE DE ENTIDAD CORPORATIVA
Nombre de entidad corporativa o nombre de jurisdicción como elemento de entrada Junta Provincial de Fomento Pecuario de Valladolid.
Unidad subordinada Dirección General de Ganadería.
9 (RLIN) 5419
852 ## - LOCALIZACIÓN
Ubicación ES-MaACL
Número de control de estantería 1554-F-10
Sublocalización o colección R.26360
Holdings
Estatus retirado Estado de pérdida Estado de daño No para préstamo Colección Biblioteca de origen Biblioteca actual Ubicación en estantería Fecha de adquisición Fuente de adquisición Total de préstamos Signatura topográfica completa Código de barras Visto por última vez Precio de reemplazo Tipo de ítem Koha
        Colección de folletos Biblioteca del Ateneo de Madrid Biblioteca del Ateneo de Madrid Depósito folletos 17/01/2008     1554-F-10 1116357 23/02/2023 23/02/2023 Folleto